000 00559nam a22001937a 4500
999 _c159718
_d159718
005 20190103112750.0
010 _aENG-124624
020 _a9788192557157
_c800.00
035 _aEN-108156
037 _bDBAD/PUB
082 _a331.702
100 _aMishra, Uday
245 _aCareer development interventions/
_cby Uday Mishra
260 _c2018
_aAllahabad
_bAnurag Publication
270 _a116/70, Lukerganj,
_bAllahbad
_e211001
300 _c21cm(Hb)
_a264p.
500 _aIt includes bibliography
942 _cEN
_2ddc
_mMIS
_h331.702